Elégia

Bibliographic Details
Main Author: Hernández, Miguel, 1910-1942 (Author)
Format: Article
Language:Slovak
Spanish
ISSN:0231-6714
Subjects:

MARC

LEADER 00000nab a2200000 a 4500
001 vtls010197267
003 SK-MaSNL
005 20260304163046.0
008 250507c2010 xo ||||||||||||00 b|slo
015 |a SNBRB2010/12  |2 snkbucl 
035 |a (uuid)beca94cb-1394-4867-a44c-45e14ad9ae6f 
035 |a urn:nbn:sk:snk-abc6gn 
035 |a (urnnbn)urn:nbn:sk:snk:ar-0000pv 
038 |a SNKBUCL 
040 |a SNKBUCL  |b slo  |c SNKBUCL  |e AACR2 
041 1 |a slo  |h spa 
044 |a xo  |c SK 
080 |a 821.134.2-1  |2 2001 
100 1 |a Hernández, Miguel,  |d 1910-1942  |4 aut  |9 387534 
245 1 0 |a Elégia  |c Miguel Hernández ; preložil Ján Zambor 
500 |a Datované 10. januára 1936 
650 0 7 |a španielska poézia  |2 snkbucl  |9 82954 
650 0 7 |a elégie, španielske  |2 snkbucl  |9 1489579 
773 0 |t Romboid  |g Roč. XLV, č. 8 (2010), s. 46-47  |x 0231-6714 
850 |a Slovenská národná knižnica 
852 |a Slovenská národná knižnica 
958 |a article15 
958 |a OND 
958 |a LX 
958 |a ES 
958 |a EUIPO 
999 |c 2976421  |d 2978351